| 000 | 00401pam a2200157a 44500 | ||
|---|---|---|---|
| 008 | 230515b2006 xxu||||| |||| 00| 0 eng d | ||
| 020 | _aNULL | ||
| 041 | _aENGLISH | ||
| 082 | _a620.5/GEC | ||
| 100 | _aKURT E GECKELER & EDWARD ROSENBERG | ||
| 245 | _aFUNCTIONAL NANOMATERIALS | ||
| 250 | _a0 | ||
| 260 |
_aDELHI _bAMERICAN SOCIETY FOR MICROBIOLOGY _c2006 |
||
| 300 | _aXXVII-488 | ||
| 650 | _aNULL | ||
| 999 |
_c652811 _d652811 |
||